000 00600nam a2200181 4500
001 8762
005 20181127190655.0
090 0 0 _aPOL.SCI CAP No.89
245 0 0 _aIntroducing the elderly of Begana /
_b
_cTshering Pelzom.
_h
260 0 0 _a[Thimphu] :
_b[Royal Thimphu College],
_c2018.
300 0 0 _a45 leaves ; 30 cm.
500 _aRecommended.
500 _aStudent research project for BA, Political Science (Capstone Project):(2018).
500 0 0 _aSpiral-bound xerographic copy.
504 _aIncludes bibliographical references.
650 0 0 _aAging -- Bhutan.
_x
650 0 0 _aCapstone Project.
_x
999 _c7594
_d7594